000 01030nam a2200289 c 4500
003 BLK
005 20180420224419.0
008 180408b bul|||||r ||||||| ||bul||
010 _aKNG00083456000
040 _aBLK
041 _aBUL
_cBUL
080 _aБългарска литература
_b821.163.2
_x-4
_z821.163.2-4
080 _aБългарска литература
_b821.163.2
_x-992
_z821.163.2-992
100 1 _aИспирска, Сирма Николова
_eпърви автор
_973201
139 _aИспирска, Сирма Николова
_bИ 93
245 1 0 _aУловени морски мигове
_bОчерк, бележки, пътеписи
_cСирма Николова Испирска.
257 _aBGR
260 Варна
_bPAUS
_c2008
300 _a55 с.
_bсъс сн.
_c21 см
380 _aX
500 _aОфс. изд.
852 _aЦб 239822
856 4 _qpdf
_u
856 4 _qpdf
_u
942 _cKNG
_n0
944 _aCR
_c22.04.2008
_kЛюдмила_Стоянова
944 _aED
_c25.08.2008
_k
999 _c78988
_d78988